000 00547nam a2200181Ia 4500
999 _c21111
_d21111
082 _aTL.0037
100 _aLakshman Kumar
245 0 _aStudy of economic aspects of higher secondary education in Delhi
260 _c1983
_bJamia Millia Islamia
300 _a255p. + C D - 45
650 _aHIGH SCHOOL TEACHERS - ATTITUDES
650 _aEDUCATION, SECONDARY - ECONOMIC ASPECTS - DELHI
650 _aACADEMIC ACHIEVEMENT
650 _aCOST EFFECTIVENESS (EDUCATION)
710 _aAbu Baker, T.N.
710 _aDhar, T.N.
942 _cTH
_2ddc